000 00803nam a2200229Ii 4500
003 JO-AjNU
008 230605s9999||||xx |||||||||||||| ||und||
017 _a2006/2/206
020 _a9957-11-653-3
040 _aJO-AjNU
_bara
_erda
_cJO-AjNU
041 _aara
050 1 4 _aHF 5439 .D75. U23.2006
100 3 _aعبيدات،محمد ابراهيم/جميل سمير دبابنه,
_eauthor
_933202
245 0 0 _aالتسويق الصحي والدوائي
250 _aط1
264 3 1 _aعمان:دار وائل للنشر والتوزيع؛2006
300 _a400ص
_bيحتوي على ملاحق من ص 287-400ص
336 _atext
_btxt
_2rdacontent
337 _aunmediated
_bn
_2rdamedia
338 _avolume
_bnc
_2rdacarrier
650 4 _aادارة المبيعات-الادوية
_933203
999 _aA13489
_c17057
_d17057